Sports Quiz

Random Sports or Auto Racing Quiz

1970s Formula 1 Teams by Image Quiz Stats

Quiz not verified by Sporcle

Challenge
Share
Tweet
Score 0/45 Timer 07:00
0 Plays Today
% Correct
Ferrari
99.7%
Matra
93.5%
McLaren
93.5%
Lotus
92.2%
Wolf
89.1%
Lola
84.4%
ATS
83.7%
Tyrrell
83.3%
Ligier
83%
BRM
74.1%
Fittipaldi
72.1%
Arrows
70.7%
Hesketh
70.1%
Shadow
70.1%
Alfa Romeo
69.4%
Renault
69.4%
Williams
68.7%
Token
65.3%
Penske
62.9%
Brabham
61.2%
March
59.5%
Theodore
59.5%
Iso Marlboro
57.5%
% Correct
LEC
49.7%
Ensign
46.9%
Surtees
44.6%
Apollon
43.9%
Kojima
39.1%
Parnelli
37.1%
Martini
36.1%
Rebaque
34%
De Tomaso
33.3%
Eifelland
33.3%
Amon
32%
Tecno
31.3%
Frank Williams
29.3%
Maki
29.3%
Merzario
24.8%
Bellasi
21.4%
Trojan
18.7%
Boro
18.7%
Kauhsen
18.4%
Lyncar
17%
Connew
13.9%
McGuire
12.9%

You're not logged in!

Compare scores with friends on all Sporcle quizzes.
Join for Free
OR
Log In

You Might Also Like...

Show Comments

Extras

Top Quizzes Today


Score Distribution

Your Account Isn't Verified!

In order to create a playlist on Sporcle, you need to verify the email address you used during registration. Go to your Sporcle Settings to finish the process.

Report this User

Report this user for behavior that violates our Community Guidelines.

Details: